|
|
|
|
| LEADER |
01468nam a2200325 a 4500 |
| 001 |
1528 |
| 003 |
BD-DhAAL |
| 005 |
20150210112914.0 |
| 008 |
150210s1992 enka bs 000 0 eng |
| 010 |
|
|
|a 92050911
|
| 020 |
|
|
|a 0803987641
|
| 020 |
|
|
|a 080398765X (pbk.)
|
| 040 |
|
|
|a DLC
|c DLC
|d DLC
|d BD-DhAAL
|
| 050 |
0 |
0 |
|a HG930.5
|b .M25 1992
|
| 082 |
0 |
0 |
|a 332.4/566/094
|2 20
|
| 245 |
0 |
0 |
|a Macroeconomic policy coordination in Europe :
|b the erm and monetary union /
|c edited by Ray Barrell and John Whitley.
|
| 260 |
|
|
|a London ;
|a Newbury Park, Calif. :
|b Sage Publications,
|c 1992.
|
| 300 |
|
|
|a x, 286 p. :
|b ill. ;
|c 23 cm.
|
| 500 |
|
|
|a "National Institute of Economic and Social Research."
|
| 504 |
|
|
|a Includes bibliographical references (p. [275]-286).
|
| 541 |
|
|
|e 1528
|
| 610 |
2 |
0 |
|a European Monetary System (Organization)
|9 8218
|
| 650 |
|
0 |
|a Monetary policy
|z European Economic Community countries.
|9 8219
|
| 700 |
1 |
|
|a Barrell, Ray.
|9 8220
|
| 700 |
1 |
|
|a Whitley, John (John D.)
|9 8221
|
| 710 |
2 |
|
|a National Institute of Economic and Social Research.
|9 8222
|
| 942 |
|
|
|2 ddc
|c BK
|
| 999 |
|
|
|c 33647
|d 33647
|
| 952 |
|
|
|0 0
|1 0
|2 ddc
|4 0
|6 332_456609400000000_MAC
|7 0
|9 52546
|a SCL
|b SCL
|c GEN
|d 2015-02-10
|e Gift: The Asia Foundation
|l 0
|o 332.4566094 MAC
|p 3020001528
|r 2015-02-10
|t 1
|w 2015-02-10
|y BK
|
| 952 |
|
|
|0 0
|1 0
|2 ddc
|4 0
|6 332_456609400000000_MAC
|7 0
|9 52547
|a SCL
|b SCL
|c GEN
|d 2015-02-10
|e Gift: The Asia Foundation
|l 0
|o 332.4566094 MAC
|p 3020000223
|r 2015-02-10
|t 2
|w 2015-02-10
|y BK
|